1025 1375 1639 1857 1939 1004 1120 1028 1514 1598 1865 1298 1539 1127 1702 1643 1525 1111 1198 1899 1154 1963 1803 1092 1972 1987 1511 1896 1678 1745 1562 1105 1404 1251 1184 1740 1053 1614 1694 1171 1396 1502 1444 1957 1421 1500 1088 1070 1823 1095 1473 1346 1538 1382 1666 1898 1713 1969 1797 1277 1626 1201 1383 1206 1594 1212 1136 1594 1518 1906 1530 1245 1202 1399 1138 1215 1455 1479 1689 1043 1988 1349 1815 1799 1919 1516 1507 1693 1975 1708 1769 1878 1340 1061 1041 1311 1360 1153 1603 BCNSPRNW ULIB Ver.6.0+V

เปลี่ยนเป็นภาษาไทย

Change to English
 แสดงรายละเอียดบรรณานุกรม
  กลับหน้าหลัก

Brief Record : Get Marc (ISO 2709) : E-mail record : QR code < ปิดหน้าต่าง
LEADER : 00000nam 2200000uu 4500
001    13399125107
003     ULIB
008    160627s2559||||th 000 0 tha d
020    ^a9786162798269
060 04 ^aWA100^bส743
245 00 ^aสุขภาพคนไทย 2559 :ตายดีวิถีที่เลือกได้/^cสถาบันวิจัยประชากรและสังคมมหาวิทยาลัยมหิดล
246 30 ^aตายดีวิถีที่เลือกได้
250    ^aพิมพ์ครั้งที่ 1
260    ^aนครปฐม :^bสถาบันวิจัยประชากรและสังคม มหาวิทยาลัยมหิดล,^c2559,[2016]
300    ^a108 หน้า :^bภาพประกอบ, แผนภูมิ ;^c30 ซม.
490 1  ^aเอกสารทางวิชาการ / สถาบันวิจัยประชากรและสังคม มหาวิทยาลัยมหิดล
650  2 ^aHealth Status Indicators
650  7 ^aความตาย
650  7 ^aความตาย^xจิตวิทยา
650  7 ^aวัยรุ่น
650  7 ^aสังคมออนไลน์
650  7 ^aคนรุ่นใหม่
650  7 ^aไฤติกรรมสุขภาพ
650  7 ^aดัชนีสุขภาพ
650  7 ^aภาวะสุขภาพ^xดัชนีชี้วัด
710 2  ^aมหาวิทยาลัยมหิดล. ^bสถาบันวิจัยประชากรและสังคม
710 2  ^aสำนักงานกองทุนสนับสนุนการสร้างเสริมสุขภาพ
710 2  ^aสำนักงานคณะกรรมการสุขภาพแห่งชาติ
945    ^p0^l0^i001352
945    ^p0^l0^i001353
945    ^p0^l0^i001354
999    ^aทศพร
รายการนี้ยังไม่มีแท็ก
คุณยังไม่ได้ล็อกอิน คุณสามารถมีกิจกรรมร่วมกับเว็บไซต์ได้ แต่ต้องล็อกอินก่อน ::
  ล็อกอิน

รายการสื่อสารสนเทศ

ลำดับที่ ประเภท เลขเรียก/บาร์โค้ด สถานที่ สถานะ
1. วิทยาศาสตร์การแพทย์ และสุขภาพ
วิทยาศาสตร์การแพทย์ และสุขภาพ
สถานะ=หนังสือเก่า
WA100 ส743 ฉ.1 
  Barcode: 001352
ห้องสมุดวิทยาเขตสวรรค์ประชารักษ์
►ส่วนจัดเก็บหนังสือเก่า สปร
บนชั้น
  ขอยืม
2. วิทยาศาสตร์การแพทย์ และสุขภาพ
วิทยาศาสตร์การแพทย์ และสุขภาพ
สถานะ=หนังสือเก่า
WA100 ส743 ฉ.2 
  Barcode: 001353
ห้องสมุดวิทยาเขตสวรรค์ประชารักษ์
►ส่วนจัดเก็บหนังสือเก่า สปร
บนชั้น
  ขอยืม
3. วิทยาศาสตร์การแพทย์ และสุขภาพ
วิทยาศาสตร์การแพทย์ และสุขภาพ
สถานะ=หนังสือเก่า
WA100 ส743 ฉ.3 
  Barcode: 001354
ห้องสมุดวิทยาเขตสวรรค์ประชารักษ์
►ส่วนจัดเก็บหนังสือเก่า สปร
บนชั้น
  ขอยืม

รายการใกล้เคียง
    หัวเรื่อง [Health Status Indicators]
    หัวเรื่อง [ความตาย]
    หัวเรื่อง [วัยรุ่น]
    หัวเรื่อง [สังคมออนไลน์]
    หัวเรื่อง [คนรุ่นใหม่]
    หัวเรื่อง [ดัชนีสุขภาพ]

BibComment


ยังไม่เคยถูกคอมเมนท์

คอมเมนท์ทรัพยากรรายการนี้
  คอมเมนท์: สุขภาพคนไทย 2559..


 Copyright 2026. Bcnsprnw @Library